Những gương mặt tiêu biểu Xu hướng đổi mới trong lịch sử Việt Nam
v.v...
Đã lưu trong:
| Tác giả chính: | |
|---|---|
| Định dạng: | Sách |
| Năm xuất bản: |
H.
Văn hóa Thông tin
1998
|
| Chủ đề: | |
| Tags: |
Thêm thẻ
Không có thẻ, Hãy là người đầu tiên gắn thẻ bản ghi này!
|
| LEADER | 00711nam a2200169 4500 | ||
|---|---|---|---|
| 082 | |a 959.7092 |b NH556g | ||
| 100 | |a Phạm Đình Nhân | ||
| 245 | |a Những gương mặt tiêu biểu |c Phạm Đình Nhân,Lê Thị Thanh Hòa, Doãn Đoan Trinh sưu tầm |b Xu hướng đổi mới trong lịch sử Việt Nam | ||
| 260 | |a H. |b Văn hóa Thông tin |c 1998 | ||
| 300 | |a 399 tr. |c 21 cm | ||
| 520 | |a v.v... | ||
| 653 | |a Lịch sử | ||
| 653 | |a Việt Nam | ||
| 653 | |a Nhân vật lịch sử | ||
| 942 | |2 ddc |c SH | ||
| 999 | |c 3609 |d 3609 | ||
| 952 | |0 0 |1 0 |2 ddc |4 0 |6 959_709200000000000_NH556G |7 0 |8 900 |9 37362 |a qbu |b qbu |c D5 |d 2014-12-16 |g 35000 |o 959.7092 NH556G |p 4363.c1 |r 0000-00-00 |w 2014-12-16 |y SH |0 0 |6 959_709200000000000_NH556G | ||